| 000 | 00408nam a22001577a 4500 | ||
|---|---|---|---|
| 005 | 20260105115151.0 | ||
| 008 | 260105b |||||||| |||| 00| 0 eng d | ||
| 020 | _a9788191083330 | ||
| 041 | _aeng | ||
| 100 |
_aARORA,Dr. VINAY RAI AND RAI,VINAY Dr. _98855 |
||
| 245 | _aDAWN OF A NEW VIBRANT INDIA | ||
| 250 | _a1st E.d | ||
| 260 |
_aNEW DELHI _bPERFECT PUBLICATION _c2014 |
||
| 300 | _a205 | ||
| 942 | _cBK | ||
| 999 |
_c9029 _d9027 |
||